| 000 | 00611nam a2200229Ia 4500 | ||
|---|---|---|---|
| 003 | OSt | ||
| 005 | 20221006164456.0 | ||
| 006 | a|||||r|||| 00| 0 | ||
| 007 | ta | ||
| 008 | 221006b |||||||| |||| 00| 0 eng d | ||
| 024 | _a451 | ||
| 037 | _cTextual | ||
| 040 |
_aFML _cFML _beng |
||
| 041 |
_2eng _aeng |
||
| 082 | _aV1-52:3(Q) ' D, K4 | ||
| 100 |
_aDecarreaux Jean Au. _9677575 |
||
| 245 | 0 | _aMonks And Civilization | |
| 260 |
_aLondon _bA Uen And Uniwiv _c1964 |
||
| 300 |
_a400 _ccm. |
||
| 942 |
_hV1-52:3(Q) ' D, K4 _cTEXL _2CC |
||
| 999 |
_c1117393 _d1117393 |
||